| 000 | 01449nam1a22002411i 4500 | ||
|---|---|---|---|
| 001 | rc\3317078 | ||
| 005 | 20240723234255.0 | ||
| 010 | _960 | ||
| 035 | _a(NLR Aleph) 007417750 | ||
| 090 |
_a6883320 _c6883320 |
||
| 100 | _a20130115d1974 |||y0rusy50 ca | ||
| 101 | 0 | _arus | |
| 102 | _aRU | ||
| 105 | _ay z ||||| | ||
| 200 | 1 |
_aИзменения в структуре спроса населения на товары в долгосрочной перспективе и в 1976-1980 гг. в Эстонской ССР. Неудовлетворенный спрос и некоторые методы оценки его объема. Экономическое обоснование необходимости производства новых товаров народного потребления в долгосрочной перспективе _e(Заключит. отчет) _fРуководитель к. э. н. Л. Куум _gМ-во торг. СССР. Всесоюз. науч.-исслед. ин-т по изучению спроса населения на товары нар. потребления и конъюнктуры торговли (ВНИИКС). Эст. филиал. [В 2 ч.]. Ч. 1-2 |
|
| 210 |
_aТаллин _cБ. и. _d1974 |
||
| 215 |
_a2 т. _d30 |
||
| 333 | _aДСП | ||
| 702 | 1 |
_aКуум _bЛ. _4570 |
|
| 801 | 0 |
_aRU _bNLR _gpsbo |
|
| 801 | 1 |
_aRU _bELAR _2rusmarc |
|
| 852 |
_aNLR _j75-50К/384 |
||
| 942 | _cBOOK | ||